Politická ekologie ve společenských vědách

Terminologické vymedzenie politickej ekológie. Typológia politickej ekológie. Tradičná a moderná politická ekológia. Postmoderná politická ekológia.

Na minha lista:
Detalhes bibliográficos
Autor principal: Grünwald, Richard
Outros Autores: Andělová, Petra
Formato: Capítulo de Livro
Idioma:tcheco
Assuntos:
Tags: Adicionar Tag
Sem tags, seja o primeiro a adicionar uma tag!

MARC

LEADER 00000naa a2200000 4500
001 0219540
005 20240111122448.7
041 0 |a cze 
044 |a SK 
245 1 0 |a Politická ekologie ve společenských vědách  |c Richard Grünwald, Petra Andělová 
520 |a Terminologické vymedzenie politickej ekológie. Typológia politickej ekológie. Tradičná a moderná politická ekológia. Postmoderná politická ekológia. 
610 2 0 |a politika ekologická 
610 2 0 |a vedy spoločenské 
610 2 0 |a terminológia 
610 2 0 |a ekológia 
100 1 |a Grünwald, Richard 
700 1 |a Andělová, Petra